• 首页
  • 本馆介绍
  • 公告通知
  • 最新文献
  • 馆藏检索
  • 电子资源
  • 读者导购
  • 参考咨询
  • 我的图书馆
  • 登录
  • 详细信息显示
  • 放入我的书架
  • 预约/预借图书
  • 作者相关作品
  • 分类相关作品
  • 丛书相关作品
  • 出版社相关作品

书目信息

  • 表格格式
  • 工作单格式
  • 卡片格式
题名:
农业生产责任制论文集
    
 
作者: ;中国社会科学院农村发展研究所编辑组 编
分册:  
出版信息: 北京   人民出版社  1986
页数: 554页
开本: 19cm
丛书名:
单 册:
中图分类: F321.41-53
科图分类:
主题词: 农业生产-生产责任制--中国--文集 , 生产责任制-农业生产--中国--文集
电子资源:
ISBN: 4001.530
000 00811nam0 2200241 450
001 0186018399
005 20100712221804.0
010    @a4001.530@dCNY2.55
091    @a4001.530
100    @a19900726d1986 kemy0chiy0110 ea
101 0  @achi
102    @aCN@b110000
105    @ay z 000yy
106    @ar
200 1  @a农业生产责任制论文集@9Nong Ye Sheng Chan Ze Ren Zhi Lun Wen Ji @f中国社会科学院农村发展研究所编辑组编
210    @a北京@c人民出版社@d1986
215    @a554页@d19cm
606 0  @a农业生产-生产责任制@y中国@x文集
606 0  @a生产责任制-农业生产@y中国@x文集
690    @aF321.41-53@v3
711 02 @a中国社会科学院农村发展研究所编辑组@9zhong guo she hui ke xue yuan nong cun fa zhan yan jiu suo bian ji zu@4编
801  0 @aCN@bAzMarc@c20130904
905    @aBZT@dF321.41-53@e1@f3@sF321.41-53/1
    
    农业生产责任制论文集/中国社会科学院农村发展研究所编辑组编.-北京:人民出版社,1986
    554页;19cm
    
    
    ISBN 4001.530:CNY2.55
    
●
相关链接 在五车中查询图书 在当当中查询图书 在豆瓣中查询图书


正题名:农业生产责任制论文集     索取号:F321.41-53/1         预约/预借

序号 登录号 条形码 馆藏地/架位号 状态 备注
1 2000141303   2000141303   旧书回溯/ [索取号:F321.41-53/1] 在馆    
2 2000141304   2000141304   旧书回溯/ [索取号:F321.41-53/1] 在馆    
3 2000141305   2000141305   旧书回溯/ [索取号:F321.41-53/1] 在馆    
山东省滨州职业学院图书馆 欢迎您!
大连网信软件有限公司© 版权所有